Online
Catalog

Curso de redacción : (Record no. 25527)

MARC details
000 -CABECERA
campo de control de longitud fija 00713nam a2200205 a 4500
001 - NÚMERO DE CONTROL
campo de control 000026035
005 - FECHA Y HORA DE LA ÚLTIMA TRANSACCIÓN
campo de control 20200930024240.0
008 - DATOS DE LONGITUD FIJA--INFORMACIÓN GENERAL
campo de control de longitud fija 110217s1975 sp r 000 | spa d
040 ## - FUENTE DE LA CATALOGACIÓN
Centro catalogador/agencia de origen DO-SdBNP
Lengua de catalogación spa
Centro/agencia transcriptor BNPHU
082 ## - NÚMERO DE LA CLASIFICACIÓN DECIMAL DEWEY
Número de clasificación NNN
Número de documento/Ítem M379c, 1975
049 ## - FONDOS LOCALES (OCLC)
Fondos de biblioteca BNGR
100 1# - ENTRADA PRINCIPAL--NOMBRE DE PERSONA
Nombre de persona Martín Vivaldi, Gonzalo ,
9 (RLIN) 52968
245 10 - MENCIÓN DE TÍTULO
Título Curso de redacción :
Resto del título teoría y práctica de la composición y del estilo /
Mención de responsabilidad, etc. Gonzalo Martín Vivaldi; edición Juan Alberto Alvarez.
250 ## - MENCIÓN DE EDICIÓN
Mención de edición 7a ed.
260 ## - PUBLICACIÓN, DISTRIBUCIÓN, ETC.
Lugar de publicación, distribución, etc. La Habana :
Nombre del editor, distribuidor, etc. Pueblo y Educación,
Fecha de publicación, distribución, etc. 1975.
300 ## - DESCRIPCIÓN FÍSICA
Extensión 502 p. ;
Dimensiones 21 cm.
490 1# - MENCIÓN DE SERIE
Mención de serie Del Pensamiento a la Palabra
700 1# - PUNTO DE ACCESO ADICIONAL--NOMBRE DE PERSONA
Nombre de persona Alvarez , Juan Alberto ,
Término indicativo de función/relación ed.
9 (RLIN) 52969
830 #0 - PUNTO DE ACCESO ADICIONAL DE SERIE-TÍTULO UNIFORME
Título uniforme Del Pensamiento a la Palabra
9 (RLIN) 52970
Holdings
Estado de retiro Estado de pérdida Restricciones de uso No para préstamo Código de colección Localización permanente Ubicación/localización actual Ubicación en estantería Fecha de adquisición Número de inventario Total de préstamos Signatura topográfica completa Código de barras Fecha visto por última vez Precio válido a partir de Tipo de ítem Koha
      Excluido de préstamo Monografías: Libros y Folletos General General En catalogación 25.02.2011 LF1   NNN M379c, 1975 26035-10 25.06.2020 25.06.2020 No se presta

Powered by Koha